000 00516 a2200181 4500
999 _c8918
_d8918
020 _a9780199678822
050 _aKF1246 HOR 2015
100 _aHorsey, Kirsty
_eauthor
245 0 0 _aKidner's casebook on torts /
_cKirsty Horsey & Erika Rackley
250 _a13th ed.
264 1 _aNew York, NY :
_bOxford University Press,
_c2015.
300 _a510p. :
500 _aIncludes index
650 _aTorts
700 _aRackley, Erika
_eauthor
942 _2lcc
_cBK
_e13th ed.
_h1246
_iHOR
_kKF